| 000 | 00616cam a2200253 4500 | ||
|---|---|---|---|
| 001 | J1532 | ||
| 008 | 090401t1993 xxu||||| |||| 00| 0 eng d | ||
| 035 | _a(Sirsi) u44046 | ||
| 041 | _aeng | ||
| 050 | _a333.337 | ||
| 110 |
_aKing Sturge and Co. _9305 |
||
| 245 | _aProperty 1993. | ||
| 260 |
_aBristol _bKing Sturge & Co. _c1993 |
||
| 300 | _a54p. : ill. ; 30cm. | ||
| 350 | _a0 | ||
| 650 | _aINDUSTRIAL PROPERTY | ||
| 650 | _aOFFICES | ||
| 650 | _aPROPERTY INVESTMENT | ||
| 650 | _aPROPERTY MARKET | ||
| 650 | _aSHOPS | ||
| 690 | _aPROPERTY-COMMERCIAL PROPERTY | ||
| 942 | _n0 | ||
| 948 | _c04/03/1997 | ||
| 999 |
_c91426 _d91426 |
||